[Event "Olomouc Seniors 65 op"]
[Site "Olomouc"]
[Date "2024.08.11"]
[Round "3"]
[White "Kolek, Josef"]
[Black "Bartos, Alois"]
[Result "1/2-1/2"]
[WhiteElo "1853"]
[BlackElo "1931"]
[PlyCount "115"]
[EventDate "2024.08.10"]
[EventType "swiss"]
[EventRounds "9"]
[EventCountry "CZE"]
[SourceTitle "CB34_2024"]
[SourceDate "2024.08.21"]
[SourceVersion "1"]
[SourceVersionDate "2024.08.21"]
[SourceQuality "1"]

1. e4 c5 2. Nf3 Nc6 3. d4 cxd4 4. Nxd4 Nf6 5. Nc3 e5 6. Ndb5 d6 7. Bg5 a6 8. Na3 b5 9. Nd5 Be7 10. Bxf6 Bxf6 11. c3 Bg5 12. h4 Bh6 13. g4 g6 14. g5 Bg7 15. Qf3 Be6 16. 0-0-0 0-0 17. Bh3 Rb8 18. Nc2 Bxd5 19. Rxd5 b4 20. Rhd1 bxc3 21. bxc3 Qb6 22. Bd7 Qb2+ 23. Kd2 Ne7 24. Rxd6 Qxa2 25. Ra1 Qb2 26. Rdxa6 Rfd8 27. Qd3 Qb7 28. Rd6 Bf8 29. Raa6 Qc7 30. Nb4 Rb7 31. Ba4 Rbb8 32. Rd7 Rxd7 33. Bxd7 Rd8 34. Rd6 Nc8 35. Rd5 Nb6 36. Bb5 Nxd5 37. Nxd5 Qb8 38. c4 Kg7 39. Qf3 Qd6 40. Qc3 Qb4 41. Qxb4 Bxb4+ 42. Ke3 Bc5+ 43. Kf3 Ra8 44. Kg3 h6 45. gxh6+ Kxh6 46. f4 Ra3+ 47. Kg4 Bd4 48. Be8 Kg7 49. h5 gxh5+ 50. Kxh5 Rg3 51. fxe5 Bxe5 52. c5 Rg1 53. c6 Rc1 54. Kg4 Kg6 55. Bd7 Rc4 56. Bf5+ Kg7 57. Bd7 f6 58. Kf5 1/2-1/2

[Event "CZE-ch Seniors 65"]
[Site "Olomouc"]
[Date "2023.08.16"]
[Round "6"]
[White "Fiser, Jiri1111"]
[Black "Kolek, Josef"]
[Result "1-0"]
[WhiteElo "1821"]
[BlackElo "1752"]
[PlyCount "63"]
[EventDate "2023.08.12"]
[EventType "swiss"]
[EventRounds "9"]
[EventCountry "CZE"]
[SourceTitle "EXT 2024"]
[Source "ChessBase"]
[SourceDate "2023.10.10"]
[SourceVersion "1"]
[SourceVersionDate "2023.10.10"]
[SourceQuality "1"]

1. e4 d6 2. d4 g6 3. Nc3 Bg7 4. f4 Nf6 5. Nf3 Nc6 6. Bd3 0-0 7. h3 e6 8. 0-0 d5 9. e5 Nd7 10. Be3 Ne7 11. Qd2 c6 12. Ne2 b6 13. g4 c5 14. c3 Kh8 15. Ng3 Rg8 16. Kh2 a5 17. Ng5 Rf8 18. f5 exf5 19. gxf5 gxf5 20. Nxf5 Nxf5 21. Rxf5 f6 22. Ne6 Qe8 23. Nxf8 Bxf8 24. exf6 c4 25. Bc2 Nc5 26. Rxd5 Nd3 27. Bxd3 cxd3 28. Qxd3 Bb7 29. Re5 Bd6 30. Bf4 Bxe5 31. Bxe5 Qf7 32. Rg1 1-0

[Event "Olexa Memorial op"]
[Site "Brno"]
[Date "2021.12.28"]
[Round "5"]
[White "Bata, Jiri"]
[Black "Kolek, Josef"]
[Result "0-1"]
[WhiteElo "1556"]
[BlackElo "1798"]
[PlyCount "160"]
[EventDate "2021.12.26"]
[EventType "swiss"]
[EventRounds "7"]
[EventCountry "CZE"]
[SourceTitle "CBM 205 Extra"]
[Source "ChessBase"]
[SourceDate "2022.01.31"]
[SourceVersion "1"]
[SourceVersionDate "2022.01.31"]
[SourceQuality "1"]

1. e4 d6 2. d4 g6 3. Nf3 Bg7 4. c3 Nc6 5. Bd3 Bg4 6. h3 Bxf3 7. Qxf3 e5 8. d5 Nce7 9. 0-0 Nf6 10. Bg5 Nd7 11. Bb5 0-0 12. Bxd7 Qxd7 13. Qe2 f6 14. Be3 a6 15. Nd2 f5 16. f3 Rac8 17. c4 h6 18. Rab1 Kh7 19. c5 g5 20. g4 fxg4 21. hxg4 Ng6 22. Qh2 Nf4 23. b3 Qe7 24. Bxf4 exf4 25. cxd6 Bd4+ 26. Kh1 cxd6 27. Rbc1 Be3 28. Rc4 b5 29. Rc6 Rxc6 30. dxc6 Qe5 31. Rd1 Rc8 32. Nf1 Bc5 33. Rd5 Qg7 34. e5 Rxc6 35. Qc2+ Qg6 36. Qd1 Ba3 37. Qe2 Qe6 38. Qd3+ Kg7 39. Nd2 Rc5 40. Rxc5 Bxc5 41. Qe4 d5 42. Qc2 Bb6 43. Qc3 d4 44. Qc1 Qxe5 45. Ne4 Qe6 46. Qb2 Qd5 47. Kg2 Bd8 48. Qc2 Qd7 49. Qc5 Bf6 50. Nxf6 Kxf6 51. Qf8+ Kg6 52. Qg8+ Qg7 53. Qe6+ Kh7 54. Qxa6 Qe5 55. Qc8 Qe2+ 56. Kg1 Qe1+ 57. Kg2 Qg3+ 58. Kf1 Qxf3+ 59. Kg1 Qe3+ 60. Kf1 f3 61. Qd7+ Kg6 62. Qf5+ Kg7 63. Qd7+ Kf8 64. Qd8+ Kf7 65. Qd5+ Ke7 66. Qc5+ Ke6 67. Qf5+ Kd6 68. Qf8+ Kc6 69. Qc8+ Kb6 70. Qb8+ Kc5 71. Qf8+ Kd5 72. Qf5+ Kd6 73. Qf6+ Kd7 74. Qf7+ Kc8 75. Qf8+ Kb7 76. Qf7+ Ka6 77. Qf6+ Ka5 78. b4+ Kxb4 79. Qd6+ Kc3 80. Qc6+ Kd2 0-1

[Event "Rychnov Seniors op"]
[Site "Rychnov nad Kneznou"]
[Date "2012.08.23"]
[Round "4"]
[White "Klimes, Jiri"]
[Black "Kolek, Josef"]
[Result "1-0"]
[WhiteElo "1958"]
[BlackElo "1855"]
[PlyCount "74"]
[EventDate "2012.08.20"]
[EventType "swiss"]
[EventRounds "9"]
[EventCountry "CZE"]
[SourceTitle "CBM 150 Extra"]
[Source "ChessBase"]
[SourceDate "2012.10.19"]
[SourceVersion "1"]
[SourceVersionDate "2012.10.19"]
[SourceQuality "1"]

1. e4 d6 2. d4 g6 3. Nf3 Bg7 4. Bg5 Bg4 5. h3 Bxf3 6. Qxf3 Bxd4 7. Bc4 Bf6 8. 0-0 Nc6 9. Bxf6 Nxf6 10. Qb3 0-0 11. Qxb7 Na5 12. Qa6 c5 13. Nc3 Qb6 14. Qxb6 axb6 15. Bd5 Rab8 16. b3 e6 17. Bc4 Nxc4 18. bxc4 Rfd8 19. Rfd1 Kf8 20. f3 Ke7 21. Kf2 Nd7 22. f4 f6 23. Nb5 Nf8 24. Rd3 Rd7 25. Rad1 Rbd8 26. Ke3 h6 27. Ra3 Kf7 28. Ra6 d5 29. cxd5 exd5 30. exd5 Re7+ 31. Kf3 Nd7 32. d6 Ree8 33. Nc7 Rg8 34. Re1 g5 35. Re7+ Kg6 36. Ne6 gxf4 37. Nxd8 Rxd8 1-0

[Event "Plzen op-B"]
[Site "Plzen"]
[Date "2001.??.??"]
[Round "3"]
[White "Kolek, Josef"]
[Black "Krys, Jaromir"]
[Result "1/2-1/2"]
[WhiteElo "1725"]
[BlackElo "1630"]
[PlyCount "53"]
[EventDate "2001.??.??"]
[EventType "swiss"]
[EventRounds "9"]
[EventCountry "CZE"]
[SourceTitle "EXT 2003"]
[Source "ChessBase"]
[SourceDate "2002.11.25"]
[SourceVersion "1"]
[SourceVersionDate "2002.11.25"]
[SourceQuality "1"]

1. c4 e6 2. Nc3 Nf6 3. g3 d5 4. cxd5 exd5 5. Bg2 c6 6. e3 Bd6 7. a3 0-0 8. b4 a6 9. Bb2 Re8 10. Nge2 Nbd7 11. 0-0 Ne5 12. d3 Bf5 13. e4 Be6 14. f4 Neg4 15. e5 Ne3 16. Qc1 Nxf1 17. exf6 Nxg3 18. hxg3 Bg4 19. Bf1 a5 20. bxa5 Qxa5 21. Qc2 Re3 22. Bc1 Re6 23. Bd2 Qb6+ 24. Kg2 Rxf6 25. Na4 Qa6 26. Nac3 Rh6 27. d4 1/2-1/2